000 00454pab a2200169 454500
008 180718b1998 xxu||||| |||| 00| 0 eng d
100 _aAlam, M. Fasihul
245 _aInfant and child mortality differentials in Bangladesh
260 _c1998
300 _ap.18-27
362 _aSep
650 _aChild mortality - Bangladesh
650 _aChild mortality
700 _aIslam, S.M. Shafiqul
773 _aJournal of Family Welfare
909 _a39708
999 _c39708
_d39708